| 000 | 02007nam a2200517 i 4500 | ||
|---|---|---|---|
| 001 | 18687 | ||
| 003 | KOSZ 005 | ||
| 005 | 20210218150059.0 | ||
| 008 | 001214s1979 pl a f |000 0 pol | ||
| 015 | _aUWD 1979/9692 | ||
| 020 | _a8301005475 | ||
| 035 | _a991015356029705066 | ||
| 035 | _a(PL-WaBN)b14124245-48omnis_nlop | ||
| 035 | _ab14124245 | ||
| 035 | _a(OCoLC)749339152 | ||
| 035 | _a(PL)b0000001412424 | ||
| 035 | _a(EXLNZ-48OMNIS_NETWORK)9910025324605606 | ||
| 040 |
_aWA N _cWA N _dKOSZ 005/HR |
||
| 041 | 1 |
_apol _heng |
|
| 046 | _k1978 | ||
| 080 | _a547 | ||
| 245 | 0 | 0 |
_aNomenklatura związków organicznych : _bsteroidy, cyklitole (zalecenia) / _c[kom. red. Osman Achmatowicz (jr) przewodn. ; z ang. przeł. Romana Jaworska et al. ; Polskie Towarzystwo Chemiczne. |
| 246 | 1 |
_iTyt. oryg.: _aDefinitive rules for steroid nomenclature |
|
| 246 | 1 |
_iTyt. oryg.: _aNomenclature of cyclitos (recommendations) |
|
| 260 |
_aWarszawa _a; Łódź : _bPaństwowe Wydaw. Naukowe, _c1979. |
||
| 300 |
_a56, [3] s. : _btab. ; _c24 cm. |
||
| 336 |
_aTekst _btxt _2rdacontent |
||
| 337 |
_aBez urządzenia pośredniczącego _bn _2rdamedia |
||
| 338 |
_aWolumin _bnc _2rdacarrier |
||
| 380 | _aKsiążki | ||
| 388 | _a1901-2000 | ||
| 388 | _a1989-2000 | ||
| 500 | _aTyt. oryg.: "Definitive rules for steroid nomenclature" Pure Appl. Chem., 31, 283 (1972) ; "Nomenclature of cyclitos (recommendations)" Pure Appl. Chem., 37, 285 (1974). | ||
| 504 | _aBibliogr. s. 126-[127]. | ||
| 650 | 7 |
_aCyklitole _2DBN |
|
| 650 | 7 |
_aSteroidy _2DBN |
|
| 650 | 7 | _aZwiązki organiczne | |
| 650 | 7 | _aTerminologia | |
| 658 | _aChemia | ||
| 700 | 1 |
_aAchmatowicz, Osman _d(1931- ) _eRedakcja |
|
| 700 | 1 |
_aJaworska, Romana _eTłumaczenie |
|
| 710 | 2 |
_aPaństwowe Wydawnictwo Naukowe _4pbl |
|
| 856 |
_uhttp://koha.tu.koszalin.pl/cgi-bin/koha/opac-detail.pl?biblionumber=18687 _yKatalog online BPK |
||
| 942 |
_2UKD _cKS |
||
| 999 |
_c18687 _d18687 |
||